000 00351nab a22001097u 4500
008 130520b1982 xxu||||| |||| 00| 0 spa d
041 _aspa
100 1 _aStarkloff, Carl F.
_915826
245 0 0 _aLa Iglesia, el racismo y los indígenas norteamericanos
_cCarl F. Starkloff
773 0 _tConcilium
_gV.1,1982,págs.102-108
_x0210-1041
_wRev134
942 _cAR
999 _c354836
_d354836